The study on rural livelihood on rice production in setor commune, ksach kandal district, kandal province, ការសិក្សាពិកម្រិតជីវភាពប្រជាជននៃផលិតកម្មដំណាំស្រូវនៅឃុំស៊ីធរ ស្រុកខ្សាច់កណ្ដាល ខេត្តកណ្ដាល (Record no. 10970)
[ view plain ]
| 000 -LEADER | |
|---|---|
| fixed length control field | 00765nam a22001577a 4500 |
| 003 - CONTROL NUMBER IDENTIFIER | |
| control field | OSt |
| 005 - DATE AND TIME OF LATEST TRANSACTION | |
| control field | 20161128092146.0 |
| 008 - FIXED-LENGTH DATA ELEMENTS--GENERAL INFORMATION | |
| fixed length control field | 161128b xxu||||| |||| 00| 0 eng d |
| 040 ## - CATALOGING SOURCE | |
| Transcribing agency | RUA |
| 082 ## - DEWEY DECIMAL CLASSIFICATION NUMBER | |
| Classification number | AED SOT 2012 B539 Or.1 |
| 100 ## - MAIN ENTRY--PERSONAL NAME | |
| 9 (RLIN) | 11413 |
| Personal name | SOTH MORAKATH; សុត មរកត |
| 245 ## - TITLE STATEMENT | |
| Title | The study on rural livelihood on rice production in setor commune, ksach kandal district, kandal province, ការសិក្សាពិកម្រិតជីវភាពប្រជាជននៃផលិតកម្មដំណាំស្រូវនៅឃុំស៊ីធរ ស្រុកខ្សាច់កណ្ដាល ខេត្តកណ្ដាល |
| 260 ## - PUBLICATION, DISTRIBUTION, ETC. (IMPRINT) | |
| Place of publication, distribution, etc. | Phnom Penh |
| Name of publisher, distributor, etc. | SOT |
| Date of publication, distribution, etc. | 2012 |
| 300 ## - PHYSICAL DESCRIPTION | |
| Extent | viii,41p. |
| Other physical details | ill. |
| Dimensions | 29cm. |
| 942 ## - ADDED ENTRY ELEMENTS (KOHA) | |
| Source of classification or shelving scheme | |
| Koha item type | AED |
| Price effective from | Date last seen | Permanent Location | Not for loan | Date acquired | Source of classification or shelving scheme | Koha item type | Lost status | Withdrawn status | Date last checked out | Total Checkouts | Shelving location | Damaged status | Barcode | Current Location | Checked out | Full call number |
|---|---|---|---|---|---|---|---|---|---|---|---|---|---|---|---|---|
| 2016-11-28 | 2016-11-28 | Library Block B | 2016-11-28 | AED | B539 | A05141 | Library Block B | AED SOT 2012 B539 Or.1 | ||||||||
| 2016-11-28 | 2016-11-28 | Library Block B | 2016-11-28 | AED | B539 | A05289 | Library Block B | AED SOT 2012 B539 Or.2 | ||||||||
| 2016-11-28 | 2016-12-19 | Library Block B | 2016-11-28 | AED | 2016-12-19 | 1 | B539 | A05214 | Library Block B | 2017-01-24 | AED SOT 2012 B539 Or.3 | |||||
| 2016-11-28 | 2018-12-03 | Library Block B | 2016-11-28 | AED | 2018-11-20 | 1 | B539 | A05139 | Library Block B | AED SOT 2012 B539 Or.4 | ||||||
| 2016-11-28 | 2016-11-28 | Library Block B | 2016-11-28 | AED | B539 | A05064 | Library Block B | AED SOT 2012 B539 Or.5 | ||||||||
| 2016-11-28 | 2019-12-11 | Library Block B | 2016-11-28 | AED | 2019-12-09 | 1 | B539 | A04914 | Library Block B | AED SOT 2012 B539 Or.6 | ||||||
| 2016-11-28 | 2016-11-28 | Library Block B | 2016-11-28 | AED | B539 | A04989 | Library Block B | AED SOT 2012 B539 Or.7 | ||||||||
| 2016-11-28 | 2016-11-28 | Library Block B | 2016-11-28 | AED | B539 | A05209 | Library Block B | AED SOT 2012 B539 Or.8 |